|
|
|
|
| LEADER |
00000nab a2200000 a 4500 |
| 001 |
vtls000652948 |
| 003 |
SK-MaSNL |
| 005 |
20260304090410.0 |
| 008 |
250425c1998 xo 0 slo |
| 015 |
|
|
|a SNBRA1998/02-05067
|
| 035 |
|
|
|a CLN000005142
|
| 035 |
|
|
|a urn:nbn:sk:snk-aba2qv
|
| 035 |
|
|
|a (urnnbn)urn:nbn:sk:snk:ar-a09aq3
|
| 035 |
|
|
|a (uuid)4398fb7b-e6fa-4bd3-b725-5b789de82efc
|
| 040 |
|
|
|a SNKBUCL
|b slo
|c SNKBUCL
|e AACR2
|
| 041 |
0 |
|
|a slo
|
| 044 |
|
|
|a xo
|c SK
|
| 080 |
|
|
|a 599.9
|2 1997
|
| 080 |
|
|
|a 17.023
|2 1997
|
| 080 |
|
|
|a 301.15:57
|2 1997
|
| 100 |
1 |
|
|a Sýkora, Peter,
|d 1956-
|4 aut
|9 85358
|
| 245 |
1 |
0 |
|a Biologické korene spoločenskej zmluvy
|c Peter Sýkora
|
| 300 |
|
|
|b Fotogr.
|
| 650 |
0 |
7 |
|a človek
|x podstata biologická
|x úvahy
|2 snkbucl
|9 1381368
|
| 655 |
|
7 |
|a články z novín a časopisov
|2 snkbucl
|9 267496
|
| 773 |
0 |
|
|t OS
|g Č. 2 (1998), s. 66-69
|x 1335-2296
|
| 850 |
|
|
|a Slovenská národná knižnica
|
| 852 |
|
|
|a Slovenská národná knižnica
|
| 954 |
|
|
|a odborná, vedecká literatúra pôvodná (slovenská)
|2 lita
|
| 958 |
|
|
|a article13
|
| 958 |
|
|
|a OND
|
| 958 |
|
|
|a EUIPO
|
| 992 |
|
|
|a RBX
|
| 999 |
|
|
|c 2811342
|d 2813272
|